Statistics for Star Wars Quotes

Click here to take the quiz!

General Stats

  • This quiz has been taken 17 times
  • The average score is 12 of 15

Answer Stats

QuoteeAnswer% Correct
"No, I am your ______"Father
100%
"May the ____ be with you"Force
100%
"These aren't the _____ you're looking for"Droids
94%
"Help me ___-___ ______ your my only hope"Obi-Wan Kenobi
94%
"If you strike me down, I shall become more _________ than you can possilbly imagine"Powerful
94%
"Do or do not, there is no ___"Try
94%
"There is always a ______ fish"Bigger
88%
"Aren't you a little _____ to be a stormtrooper"Short
81%
"It's a ____!"Trap
81%
"I find your lack of _____ disturbing"Faith
69%
"Fear leads to _____, _____ leads to hate, hate leads to suffering"Anger
63%
"Never tell the the ____"Odds
63%
"That's no moon... it's a _____ _____"Space Station
63%
"I have a bad _______ about this"Felling
56%
"You were my _______ Anakin. I loved you"Brother
44%

Score Distribution

Percentile by Number Answered

Percent of People with Each Score

Your Score History

You have not taken this quiz